Visiones para un futuro sostenible / (Registro nro. 5263)
[ vista simple ]
| 000 -LEADER | |
|---|---|
| fixed length control field | 01232nam a2200241Ia 4500 |
| 003 - CONTROL NUMBER IDENTIFIER | |
| control field | OSt |
| 005 - DATE AND TIME OF LATEST TRANSACTION | |
| control field | 20200506134552.0 |
| 008 - FIXED-LENGTH DATA ELEMENTS--GENERAL INFORMATION | |
| fixed length control field | 191128s2001 ve ao gr 000 0 spa d |
| 020 ## - INTERNATIONAL STANDARD BOOK NUMBER | |
| International Standard Book Number | 9803401866 |
| 040 ## - CATALOGING SOURCE | |
| Original cataloging agency | CO-JMCR |
| Transcribing agency | CO-JMCR |
| 041 0# - LANGUAGE CODE | |
| Language code of text/sound track or separate title | spa |
| 082 04 - DEWEY DECIMAL CLASSIFICATION NUMBER | |
| Classification number | 327.098 / |
| Item number | V458v |
| Edition number | 23 |
| 110 1# - MAIN ENTRY--CORPORATE NAME | |
| Corporate name or jurisdiction name as entry element | Venezuela. |
| Subordinate unit | Corporación Andina de Fomento |
| 9 (RLIN) | 4005 |
| 245 10 - TITLE STATEMENT | |
| Title | Visiones para un futuro sostenible / |
| Statement of responsibility, etc. | Corporación Andina de Fomento |
| 260 ## - PUBLICATION, DISTRIBUTION, ETC. | |
| Place of publication, distribution, etc. | Venezuela : |
| Name of publisher, distributor, etc. | Corporación Andina de Fomento, |
| Date of publication, distribution, etc. | 2001 |
| 300 ## - PHYSICAL DESCRIPTION | |
| Extent | 359 páginas : |
| Other physical details | fotografías a color ; |
| Dimensions | 23 cm. |
| 505 0# - FORMATTED CONTENTS NOTE | |
| Formatted contents note | Los nuevos roles del Estado y de los actores privados -- Las perspectivas de la integración subregional, regional y hemisférica -- Los dilemas y dificultades del desarrollo sostenible -- La cultura democrática y la ética |
| 520 ## - SUMMARY, ETC. | |
| Summary, etc. | ¿A qué se debe que América Latina, con su enorme potencial humano y de recursos naturales, no marche a la par con el proceso tecnológico, económico y social que se registra en otras áreas del planeta?. |
| 650 14 - SUBJECT ADDED ENTRY--TOPICAL TERM | |
| Topical term or geographic name entry element | Desarrollo sostenible |
| Geographic subdivision | América Latina |
| 9 (RLIN) | 4006 |
| 650 14 - SUBJECT ADDED ENTRY--TOPICAL TERM | |
| Topical term or geographic name entry element | Política ambiental |
| Geographic subdivision | América Latina |
| 9 (RLIN) | 4007 |
| 650 14 - SUBJECT ADDED ENTRY--TOPICAL TERM | |
| Topical term or geographic name entry element | Integración económica |
| Geographic subdivision | América Latina |
| 9 (RLIN) | 4008 |
| 942 ## - ADDED ENTRY ELEMENTS (KOHA) | |
| Source of classification or shelving scheme | Dewey Decimal Classification |
| Koha item type | Books |
| Withdrawn status | Lost status | Source of classification or shelving scheme | Damaged status | Not for loan | Collection code | Home library | Current library | Date acquired | Source of acquisition | Cost, normal purchase price | Total Checkouts | Full call number | Barcode | Date last seen | Copy number | Koha item type |
|---|---|---|---|---|---|---|---|---|---|---|---|---|---|---|---|---|
| Dewey Decimal Classification | Non-fiction | Biblioteca Pública José María del Castillo y Rada | Biblioteca Pública José María del Castillo y Rada | 04/15/2018 | Donación | 0.00 | 327.098 / V458v | 430001596 | 05/16/2024 | Ej.1 | Books |